[Event "Ostersund Storsjodraget op"]
[Site "Ostersund"]
[Date "2019.06.15"]
[Round "4"]
[White "Mozelius, Peter"]
[Black "Persson, Lars Eric"]
[Result "0-1"]
[WhiteElo "1813"]
[BlackElo "1902"]
[PlyCount "110"]
[EventDate "2019.06.14"]
[EventType "swiss"]
[EventRounds "7"]
[EventCountry "SWE"]
[SourceTitle "CBM 192 Extra"]
[Source "Chessbase"]
[SourceDate "2019.11.06"]
[SourceVersion "1"]
[SourceVersionDate "2019.11.06"]
[SourceQuality "1"]

1. d4 Nf6 2. Bf4 g6 3. e3 d6 4. Nd2 Bg7 5. Be2 Nbd7 6. c3 c6 7. h4 h5 8. Nh3 Nb6 9. e4 Bh6 10. Ng5 Ng4 11. Qb3 Bxg5 12. Bxg5 f6 13. Bxg4 Bxg4 14. Be3 Qd7 15. f3 Be6 16. Qc2 Bf7 17. b3 Qe6 18. 0-0-0 a5 19. Rhe1 Qd7 20. e5 0-0-0 21. c4 d5 22. Qc3 dxc4 23. Qxa5 Qc7 24. Bf2 cxb3 25. axb3 Nd5 26. Qxc7+ Kxc7 27. Nc4 b5 28. e6 Be8 29. Bg3+ Kb7 30. Ne3 Nxe3 31. Rxe3 Rd5 32. Kc2 g5 33. hxg5 Rxg5 34. f4 Rg4 35. d5 cxd5 36. Rxd5 Bc6 37. Rd2 Rhg8 38. Bf2 Rxg2 39. Kc3 R2g4 40. Red3 Rxf4 41. Bc5 Rc8 42. Kb2 Rc7 43. Rd7 Re4 44. Rxc7+ Kxc7 45. Bxe7 Rxe6 46. Bd8+ Kc8 47. Ba5 h4 48. Rd8+ Kb7 49. Rh8 Re4 50. Bc3 Bd7 51. Rh7 Kc6 52. Bxf6 h3 53. Kc3 Re3+ 54. Kb4 Be6 55. Bg5 Rxb3+ 0-1